000 00988nam a22002177a 4500
005 20231031105905.0
008 220618b ||||| |||| 00| 0 eng d
040 _cAloy
041 _aTulu
082 _223
_aT928
_bKARS
100 _aKarnataka Tulu Sahitya Akademi: ಕರ್ನಾಟಕ ತುಳು ಸಾಹಿತ್ಯ ಅಕಾಡೆಮಿ
_9140163
245 _aSatyamithra Bangera: ಸತ್ಯಮಿತ್ರ ಬಂಗೇರ
260 _aMangaluru:
_bKarnataka Tulu Sahitya Akademi,
_c1997
300 _a42p.
_bPB
_c21x14cm.
365 _2Biography
440 _aMadappiyeravandi tuluver: ಮದೆಪ್ಪಿಯೆರಾವಂದಿ ತುಳುವೆರ್;11
_943989
650 _aBiography
_943977
700 _aKARNATAKA TULU SAHITYA AKADEMI: ಕರ್ನಾಟಕ ತುಳು ಸಾಹಿತ್ಯ ಅಕಾಡೆಮಿ
_943978
700 _aPRABHAKAR (Peter Wilson): ಪ್ರಭಾಕರ್ (ಪೀಟರ್ ವಿಲ್ಸನ್)
_943987
942 _2ddc
_cGF
999 _c223414
_d223414